Anthropology and political economy : Theoretical and Asian perspectives

সংরক্ষণ করুন:
গ্রন্থ-পঞ্জীর বিবরন
প্রধান লেখক: Clammer, John
বিন্যাস: গ্রন্থ
ভাষা:Undetermined
প্রকাশিত: Houndmills MacMillan 1985
বিষয়গুলি:
ট্যাগগুলো: ট্যাগ যুক্ত করুন
কোনো ট্যাগ নেই, প্রথমজন হিসাবে ট্যাগ করুন!
Thư viện lưu trữ: Trung tâm Học liệu Trường Đại học Cần Thơ
LEADER 00502nam a2200181Ia 4500
001 CTU_79622
008 210402s9999 xx 000 0 und d
082 |a 306.3 
082 |b C586 
100 |a Clammer, John 
245 0 |a Anthropology and political economy : 
245 0 |b Theoretical and Asian perspectives 
245 0 |c John Clammer 
260 |a Houndmills 
260 |b MacMillan 
260 |c 1985 
650 |a Economic anthropology 
980 |a Trung tâm Học liệu Trường Đại học Cần Thơ